Catálogo
 En Linea

Visperas / (Registro nro. 9360)

Detalles MARC
000 -CABECERA
campo de control de longitud fija 00741nam a2200253 a 4500
001 - NÚMERO DE CONTROL
campo de control 000009600
005 - FECHA Y HORA DE LA ÚLTIMA TRANSACCIÓN
campo de control 20200929161634.0
008 - DATOS DE LONGITUD FIJA--INFORMACIÓN GENERAL
campo de control de longitud fija 920501s1987 sp 000 1 spa d
010 ## - NÚMERO DE CONTROL DE LA BIBLIOTECA DEL CONGRESO
Número de control de LC 92154731
020 ## - NÚMERO INTERNACIONAL ESTÁNDAR DEL LIBRO
Número Internacional Estándar del Libro 8420695459
040 ## - FUENTE DE LA CATALOGACIÓN
Centro catalogador/agencia de origen DO-SdBNP
Centro/agencia transcriptor DLC
Centro/agencia modificador DLC
042 ## - CÓDIGO DE AUTENTICACIÓN
Código de autenticación lccopycat
082 ## - NÚMERO DE LA CLASIFICACIÓN DECIMAL DEWEY
Número de clasificación 863.42
Número de documento/Ítem A552v
100 1# - ENTRADA PRINCIPAL--NOMBRE DE PERSONA
Nombre de persona Andújar, Manuel.
9 (RLIN) 24441
245 10 - MENCIÓN DE TÍTULO
Título Visperas /
Mención de responsabilidad, etc. Manuel Andújar.
260 ## - PUBLICACIÓN, DISTRIBUCIÓN, ETC.
Lugar de publicación, distribución, etc. Madrid :
Nombre del editor, distribuidor, etc. Alianza,
Fecha de publicación, distribución, etc. 1987.
300 ## - DESCRIPCIÓN FÍSICA
Extensión 485 p. ;
Dimensiones 20 cm.
505 0# - NOTA DE CONTENIDO CON FORMATO
Nota de contenido con formato Llanura -- El vencido.
650 #4 - PUNTO DE ACCESO ADICIONAL DE MATERIA--TÉRMINO DE MATERIA
Término de materia o nombre geográfico como elemento de entrada Novela española
9 (RLIN) 1123
650 #4 - PUNTO DE ACCESO ADICIONAL DE MATERIA--TÉRMINO DE MATERIA
Término de materia o nombre geográfico como elemento de entrada Literatura española
9 (RLIN) 632
700 12 - PUNTO DE ACCESO ADICIONAL--NOMBRE DE PERSONA
Nombre de persona Andújar, Manuel.
Título de la obra Llanura.
Fecha de publicación/de la obra 1987.
9 (RLIN) 24442
700 12 - PUNTO DE ACCESO ADICIONAL--NOMBRE DE PERSONA
Nombre de persona Andujar, Manuel.
Título de la obra Vencido.
Fecha de publicación/de la obra 1987.
9 (RLIN) 24443
910 ## - DATOS DE OPCIÓN DEL USUARIO (OCLC)
Datos de opción del usuario Catalogación por copia / LC
Existencias
Estado de retiro Estado de pérdida Restricciones de uso No para préstamo Código de colección Localización permanente Ubicación/localización actual Ubicación en estantería Fecha de adquisición Número de inventario Total de préstamos Signatura topográfica completa Código de barras Fecha visto por última vez Precio válido a partir de Tipo de ítem Koha
    Préstamo interno   Monografías: Libros y Folletos General General En catalogación 30.09.2009 LF1   863.42 A552v 9600-10 25.06.2020 25.06.2020 Préstamo interno

Con tecnología Koha